The war of the world : (Record no. 13651)
[ view plain ]
| 000 -LEADER | |
|---|---|
| fixed length control field | 00645nam a2200217 a 4500 |
| 001 - CONTROL NUMBER | |
| JCCL Control Number | 13651 |
| 003 - CONTROL NUMBER IDENTIFIER | |
| JCCL marc code | BD-JhCC |
| 005 - DATE AND TIME OF LATEST TRANSACTION | |
| control field | 20240313131717.0 |
| 008 - FIXED-LENGTH DATA ELEMENTS--GENERAL INFORMATION | |
| fixed length control field | 240313b2006 nyu |||| ||a| 001 0 eng d |
| 035 ## - SYSTEM CONTROL NUMBER | |
| system control number | (BD-JhCC)13651 |
| 040 ## - CATALOGING SOURCE | |
| Original cataloging agency | BD-JhCC |
| Modifying agency | BD-JhCC |
| 041 ## - LANGUAGE CODE | |
| Language code of Book | english |
| 082 ## - DEWEY DECIMAL CLASSIFICATION NUMBER | |
| Classification number | 909.0971241 |
| Author mark and Year | FER 2006 |
| 100 ## - MAIN ENTRY--PERSONAL NAME | |
| Personal name | Ferguson,Niall |
| 245 ## - TITLE STATEMENT | |
| Title | The war of the world : |
| Remainder of title | Twentieth-century conflict and the descent of the West / |
| Statement of responsibility, etc | Niall Ferguson. |
| 260 ## - PUBLICATION, DISTRIBUTION, ETC. (IMPRINT) | |
| Place of publication, distribution, etc | New York: |
| Name of publisher, distributor, etc | he Penguin Press; |
| Date of publication, distribution, etc | 2006. |
| 300 ## - PHYSICAL DESCRIPTION | |
| Pagination | 808 p. : |
| Dimensions | 26 cm. |
| 600 ## - SUBJECT ADDED ENTRY--PERSONAL NAME | |
| Personal name | 1900-1999 |
| 650 ## - SUBJECT ADDED ENTRY--TOPICAL TERM | |
| Topical term or geographic name as entry element | Armed Conflicts |
| Form subdivision | Geschichte 1900-2000 |
| Geographic subdivision | Guerre |
| 942 ## - ADDED ENTRY ELEMENTS (KOHA) | |
| Source of classification or shelving scheme | Dewey Decimal Classification |
| Koha item type | Books |
| Source of classification or shelving scheme | Damaged status | Not for loan | Home library | Current library | Shelving location | Date of accession | Cost, normal purchase price | Total Checkouts | Full call number | Barcode | Date last seen | Date checked out | Copy number | Method of acquisition | Koha item type | Currency |
|---|---|---|---|---|---|---|---|---|---|---|---|---|---|---|---|---|
| Dewey Decimal Classification | JCC Rouf Library | JCC Rouf Library | General Stacks | 720.00 | 2 | 909.0971241 FER 2006 | 19114 | 06/28/2025 | 12/12/2024 | C-1 | Purchase | Books | BDT |